00467nam a2200145Ia 4500100001900000942000700019654001300026245006600039260003300105082001400138300000800152546001200160999001700172952013200189 aSiegel/ H..J.  cBK aComputer aInterconnections networks for large scale parallel processing bMc Graw HillaNew Yorkc1992 a4.35bSIE a390 aENGLISH c31518d31518 001040708CRCaCRCEbCRCEc1521 | 32d2023-03-17eglobal booksg526.24l0o4.35 SIEp8020r2023-03-17v526.24w2023-03-17yBK